• 首页
  • 本馆介绍
  • 公告通知
  • 最新文献
  • 馆藏检索
  • 电子资源
  • 读者导购
  • 参考咨询
  • 我的图书馆
  • 登录
  • 详细信息显示
  • 放入我的书架
  • 预约/预借图书
  • 作者相关作品
  • 分类相关作品
  • 丛书相关作品
  • 出版社相关作品

书目信息

  • 表格格式
  • 工作单格式
  • 卡片格式
题名:
强流离子光学原理
    
 
作者: 郁庆长 著
分册:  
出版信息: 北京   原子能出版社  1982
页数: 359页
开本: 21cm
丛书名:
单 册:
中图分类: O463
科图分类:
主题词: 离子光学,强流
电子资源:
ISBN:
000 00593nam0 2200229 45
001 0182005541
005 20060816112816.90
091    @dCNY1.65
092    @b15175.390
100    @a19950403d1982 emky0chiy0121 ea
101 0  @achi
102    @aCN@b110000
105    @ay z 000yy
200 10 @a强流离子光学原理@Aqiang liu li zi guang xue yuan li@f郁庆长著
210    @a北京@c原子能出版社@d1982
215    @a359页@d21cm
606    @a离子光学,强流
690    @aO463@v3
701  0 @a郁庆长@Ayu qing chang@4著
801  2 @aCN@bNLC@c20060816
801  0 @aCN@bTSSF
905    @a10447@dO463@e13
    
    强流离子光学原理/郁庆长著.-北京:原子能出版社,1982
    359页;21cm
    
    
    ISBN :
    
●
相关链接 在E读中查询图书 在五车中查询图书 在当当中查询图书 在豆瓣中查询图书


正题名:强流离子光学原理     索取号:O463/13         预约/预借

序号 登录号 条形码 馆藏地/架位号 状态 备注
1 0461732   204617325   密集书库/ [索取号:O463/13] 在馆    
2 0461873   204618734   密集书库/ [索取号:O463/13] 在馆    
唐山师范学院图书馆 欢迎您!
大连网信软件有限公司© 版权所有